000 00379nam a2200133Ia 4500
008 210210b1984 xxu||||| |||| 00| 0 eng d
082 _a954K ISHS
100 _aISHWARA BHATTA (Shirankallu).
245 _aShree Rama janmabhumiya karuna kathe.
260 _aShirankallu.
_bSamskrathika Sahitya Prakashana.,
_c1984
300 _a63
690 _aIndian History
906 _aSG02513
999 _c113675
_d113675